| 000 | 00702cab a22002295a 4500 | ||
|---|---|---|---|
| 001 | L158013 | ||
| 008 | 130506e201 0924xxk 000 0 eng d | ||
| 035 | _a(Sirsi) u158013 | ||
| 041 | 0 | _aeng | |
| 100 | 1 | _aWright, Emily | |
| 245 | 0 | 0 | _aTop agents 2012 |
| 260 | _c2012 | ||
| 490 |
_aEstates Gazette _v(1239) 29 September 2012, 76-83(8) |
||
| 520 | _aRanks top agents by UK turnover and UK fee-earners. Comments on expectations for 2012 financial year and outlook for market expectations. | ||
| 590 | _aKA | ||
| 651 | 4 |
_aUnited Kingdom _y |
|
| 690 |
_aSales _96269 |
||
| 690 |
_aResidential property _96266 |
||
| 690 |
_aCommercial property _96227 |
||
| 700 | 1 | _aMcClary, Samantha | |
| 942 | _n0 | ||
| 999 |
_c84513 _d84513 |
||